000 00477nam a2200181Ia 4500
005 20250326141530.0
008 250326s9999 xx 000 0 und d
037 _aTextbook
040 _aFMSL
_beng
_cFMSL
041 _aeng
_2eng
084 _qFMSL
100 _aJaeger AM
_9744656
245 0 _aManagement in developing countries
_cJaeger Am; Knaungo R N
260 _aLondon
_bLondon, Routledge
_c1990
300 _a320p
942 _cTB
999 _c1290745
_d1290745